Music Quiz

Random Music Quiz

Types of guitar Quiz Stats

 Plays Quiz not verified by Sporcle

Also try: U2 Songs
Challenge
Share
Tweet
Embed
Score 0/6 Timer 10:00
0 Plays Today
Your Hint Name % Correct
Electric Named after a famous guitarist Les Paul
96%
Most popular Electric Guitar in the WORLD!Stratocaster
87.8%
Electric, Shaped like a Letter Flying V
86.5%
Electric Made by Gibson, Angus YoungSG
83.1%
Electric Storm+Flying thingThunderbird
19.6%
Acoustic A type of Martin, blue grass standeredD-28
10.3%

You're not logged in!

Compare scores with friends on all Sporcle quizzes.
Join for Free
OR
Log In

You Might Also Like...

Show Comments

Extras

Created Feb 11, 2010ReportNominate
Tags:guitar

Top Quizzes Today


Score Distribution

Your Account Isn't Verified!

In order to create a playlist on Sporcle, you need to verify the email address you used during registration. Go to your Sporcle Settings to finish the process.

Report this User

Report this user for behavior that violates our Community Guidelines.

Details: